Normal view MARC view

Entry Personal Name

Number of records used in: 2

001 - CONTROL NUMBER

  • control field: 19691

003 - CONTROL NUMBER IDENTIFIER

  • control field: dpl

005 - DATE AND TIME OF LATEST TRANSACTION

  • control field: 20100913121441.0

008 - FIXED-LENGTH DATA ELEMENTS

  • fixed length control field: 100913|||a|||||| | ||| d

040 ## - CATALOGING SOURCE

  • Original cataloging agency: dpl
  • Transcribing agency: dpl

100 ## - HEADING--PERSONAL NAME

  • Personal name: नरसिम्हाचारी, एस.टी.

670 ## - SOURCE DATA FOUND

  • Source citation: Work cat.: (dpl)36801: नरसिम्हाचारी, एस.टी., सौन्दर्य तत्व विमर्शः, 2010

670 ## - SOURCE DATA FOUND

  • Source citation: Work cat.: (dpl)36801: नरसिम्हाचारी, एस.टी., सौन्दर्य तत्व विमर्शः, 2010

© Delhi Public Library
Hit Counter
free hit counter